000 00795nam a2200265Ia 4500
003 OSt
005 20220928102102.0
006 a|||||r|||| 00| 0
007 ta
008 220927b |||||||| |||| 00| 0 hin d
020 _c400
024 _a110700
037 _b1405, 06/01/2011, Kiran Book Service
_cTextual
040 _aSDCL
_cSDCL
_bhin
041 _2hin
_ahin
082 _aQ221v, Q0
100 _aAgyay S Hi Vatsyayn
_9396504
245 0 _aBhagwat bhumi yatra.
260 _aNew Delhi
_bPrabhat Prakashan
_c2010
300 _a141p.
_ccm.
650 _aHindi
_9391598
700 _a Paliwal Krishandat Ed.
_9396505
942 _hQ221v, Q0
_cTEXL
_2CC
999 _c712239
_d712239